000 00851nam a2200181 i 4500
001 152684
003 ES-MaACL
005 20251104171420.0
008 931025s1856 sp |||| | spa d
100 1 _aBremón, Leopoldo María.
_9126159
245 1 0 _aAngélica y Medoro
_b: zarzuela en un acto /
_cLeopoldo María Bremón ; música de Dionisio Scarlatti.
260 _aMadrid :
_b[s.n.],
_c1856 (
_fImp. à cargo de D. Francisco del Castillo)
300 _a28 p. ;
_c20 cm.
500 _aSolo la letra.
700 1 _aScarlatti y Aldama, Dionisio,
_dm. 1880
_9132528
852 _aES-MaACL
_jF-8577(3)
_z-- Enc. pasta española, falto de la cub. original
_z-- Dedicatoria ms.: ded. del autor a Federico Pérez de Molina
_z-- Enc. en un vol. facticio, formando parte de la col. facticia "Teatro español moderno", vol. 30
999 _c152684
_d152684